| 000 | 01133nam a22002777a 4500 | ||
|---|---|---|---|
| 005 | 20240530110454.0 | ||
| 008 | 150423s2011 ua c a 000 0 ara d | ||
| 017 |
_a2011/4488 _bمصر . دار الكتب المصرية |
||
| 020 | _a9789774276784 | ||
| 040 | _aEG-CaGPL | ||
| 082 | 0 | 4 |
_221 _a577 _bط/د ع |
| 100 | 1 |
_aكوى ، مين جو _qمين جو كوى |
|
| 245 | 1 | 0 |
_aاختبئ .. سوف ابحث عنك : _bلعبة الغميضة / _cتاليف مين جو كوى ؛ ترجمة اريت فايز تادرس ، زكريا القاضى |
| 250 | _aط1 | ||
| 260 |
_aالقاهرة : _bالدار المصرية اللبنانية ، _c2012 . |
||
| 300 |
_aمتعدد : _bصور لو ؛ _c26 سم |
||
| 490 | 0 | _aعلوم البيئة | |
| 650 | 0 | 4 | _aالحشرات |
| 650 | 0 | 4 |
_aالحشرات _xتصنيف |
| 650 | 0 | 4 | _aالحشرات الزراعية |
| 650 | 0 | 4 | _aحشرات الغابات |
| 700 | 1 |
_aتادرس ، اريت فايز _eمترجم _qاريت فايز تادرس |
|
| 700 | 0 |
_aزكريا القاضى _eمترجم مشارك |
|
| 942 |
_2ddc _cBK |
||
| 999 |
_c61322 _d61322 |
||